00485nam a2200169Ia 4500003000900000008004100009040001600050080001600066100002000082245003800102260003800140300001500178490005400193650004100247650001500288650001200303IN-BaIIA211028s9999 xx 000 0 eng d cIIA Library a523.68bLOV aLovell, A. C. B 0aMeteor astronomycA. C. B. Lovell aOxfordbThe Clarendon Pressc1954 axiv, 463p. aThe International series of monographs on physics aAstronomy and astrophysics thesaurus aMeteorites aMeteors